[Event "Outaouais-ch"]
[Site "Gatineau"]
[Date "1996.03.??"]
[Round "7"]
[White "Van Adel, Steven"]
[Black "Maisonneuve, Paul"]
[Result "1-0"]
[WhiteElo "1794"]
[BlackElo "1477"]
[PlyCount "92"]
[EventDate "1996.03.01"]
[EventType "tourn"]
[EventRounds "9"]
[EventCountry "CAN"]
[SourceTitle "EXT 2022"]
[Source "ChessBase"]
[SourceDate "2021.10.06"]
[SourceVersion "1"]
[SourceVersionDate "2021.10.06"]
[SourceQuality "1"]

1. Nf3 Nf6 2. g3 c6 3. Bg2 g6 4. 0-0 Bg7 5. d3 0-0 6. e4 d6 7. h3 Nbd7 8. c3 a5 9. Kh2 Rb8 10. Nh4 c5 11. a4 b6 12. f4 e6 13. Na3 Bb7 14. Be3 d5 15. e5 Ne8 16. d4 Ba6 17. Rf2 Nc7 18. Nf3 Re8 19. g4 f6 20. Qd2 c4 21. h4 b5 22. axb5 Bxb5 23. Nxb5 Rxb5 24. Bh3 f5 25. gxf5 gxf5 26. Rg1 Kh8 27. Rfg2 Rg8 28. Ng5 Qe8 29. Qf2 h6 30. Nf3 Rb8 31. Qg3 Qf7 32. h5 Nf8 33. Qh4 Ne8 34. Bc1 a4 35. Rg3 Nh7 36. Bf1 Rb7 37. Be2 Qe7 38. Qh3 Ra7 39. Qg2 Ra8 40. Kh3 Nc7 41. Nh4 Nf8 42. Rg6 Qf7 43. Rg3 Nb5 44. Bxc4 Rb8 45. Be2 a3 46. bxa3 Nxc3 1-0

[Event "Masson Outaouais interclubs"]
[Site "Masson"]
[Date "1994.02.12"]
[Round "2"]
[White "Roy, Roger"]
[Black "Van Adel, Steven"]
[Result "0-1"]
[WhiteElo "1807"]
[BlackElo "1676"]
[PlyCount "74"]
[EventDate "1994.02.12"]
[EventType "swiss"]
[EventRounds "2"]
[EventCountry "CAN"]
[SourceTitle "EXT 2022"]
[Source "ChessBase"]
[SourceDate "2021.10.06"]
[SourceVersion "1"]
[SourceVersionDate "2021.10.06"]
[SourceQuality "1"]

1. c4 e5 2. e4 Nc6 3. Nf3 b6 4. d4 Bb4+ 5. Bd2 Bxd2+ 6. Qxd2 exd4 7. Nxd4 Nge7 8. Nc3 0-0 9. Be2 d6 10. 0-0 Nxd4 11. Qxd4 Be6 12. f4 f6 13. f5 Bf7 14. Rf3 Nc6 15. Qd2 Ne5 16. Rg3 Qd7 17. b3 c6 18. Rd1 Kh8 19. Qf4 Qe7 20. Qh4 a5 21. Rh3 h6 22. Bh5 Rad8 23. Ne2 Bxh5 24. Qxh5 d5 25. exd5 cxd5 26. cxd5 Qc5+ 27. Kf1 Rxd5 28. Rxd5 Qxd5 29. Nf4 Qe4 30. Ng6+ Nxg6 31. Qxg6 Qb1+ 32. Kf2 Qxa2+ 33. Kf1 Qb1+ 34. Kf2 Qc2+ 35. Kf1 Qd1+ 36. Kf2 Qd2+ 37. Kf1 Rc8 0-1

[Event "Gatineau Outaouais op"]
[Site "Gatineau"]
[Date "1993.10.23"]
[Round "2"]
[White "Van Adel, Steven"]
[Black "Gagnon, Fabien"]
[Result "0-1"]
[WhiteElo "1665"]
[BlackElo "1827"]
[PlyCount "70"]
[EventDate "1993.10.22"]
[EventType "swiss"]
[EventRounds "5"]
[EventCountry "CAN"]
[SourceTitle "EXT 2022"]
[Source "ChessBase"]
[SourceDate "2021.10.06"]
[SourceVersion "1"]
[SourceVersionDate "2021.10.06"]
[SourceQuality "1"]

1. e4 e6 2. Nf3 d5 3. e5 c5 4. d4 cxd4 5. Qxd4 Nc6 6. Bb5 Bd7 7. Bxc6 bxc6 8. c3 c5 9. Qg4 Ne7 10. 0-0 Nf5 11. Bg5 Qb6 12. b3 h6 13. Bd2 Be7 14. h4 Qd8 15. h5 Bc6 16. Be3 Rg8 17. b4 cxb4 18. cxb4 a5 19. Rc1 Bd7 20. Bd2 axb4 21. Bxb4 Ra4 22. Bxe7 Kxe7 23. Qh3 g6 24. Nc3 Rf4 25. Ne2 Re4 26. Nc3 Rc4 27. Ne2 Qc7 28. Rd1 gxh5 29. Qxh5 Ba4 30. Rdc1 Bc2 31. Ne1 Qxe5 32. Nxc2 Rxc2 33. Rxc2 Qxa1+ 34. Nc1 Qe5 35. Kf1 Ng3+ 0-1